000 00539nam a2200181Ia 4500
005 20250326141850.0
008 250326s9999 xx 000 0 und d
037 _aTextbook
040 _aFMSL
_beng
_cFMSL
041 _aeng
_2eng
084 _aX:74 M5
_qFMSL
100 _aKraushar Peter
_9745192
245 0 _aPactical Business development : What works what does not
_cKraushar Peter
260 _aLondon
_bLondon, Holt, Rinchart and Winston
_c1985
300 _a188p
942 _cTB
_hX:74 M5
999 _c1292349
_d1292349